00000000nam##2200000za#4500
0019.615855
003CaOODSP
00520200514165640
007ta
008150406|2001||||xxc|||||     f|0| 0 eng|d
020 |a0-662-31484-0
040 |aCaOODSP|beng
043 |an-cn---
0861 |aNH18-22/101-133E
1102 |aCanada Mortgage and Housing Corporation.
24510|aLower cost alternative for municipal sewer inspection and maintenance
260 |aOttawa - Ontario : |bCanada Mortgage and Housing Corporation |c2001.
300 |a4p. : |bfig., tables ; |c28 cm.
4901 |aResearch highlight. Technical series |v01-133
563 |aPamphlet
590 |a01-51|b2001-12-28
69007|aWaste management|2gcpds
69007|aWater management|2gcpds
69007|aUrban communities|2gcpds
77508|tSolution de rechange économique pour l'entretien et l'inspection des égouts municipaux |w(CaOODSP)9.625860
7760#|tLower cost alternative for municipal sewer inspection and maintenance |w(CaOODSP)9.572298
830#0|aResearch highlight. Technical series ;|v01-133|w(CaOODSP)9.514826
986 |aNHA 60975